<?xml version="1.0" encoding="UTF-8"?><?xml-stylesheet type="text/xsl" href="static/style.xsl"?><OAI-PMH xmlns="http://www.openarchives.org/OAI/2.0/" xmlns:xsi="http://www.w3.org/2001/XMLSchema-instance" xsi:schemaLocation="http://www.openarchives.org/OAI/2.0/ http://www.openarchives.org/OAI/2.0/OAI-PMH.xsd"><responseDate>2026-06-07T21:08:58Z</responseDate><request verb="GetRecord" identifier="oai:docta.ucm.es:20.500.14352/100459" metadataPrefix="marc">https://docta.ucm.es/rest/oai/request</request><GetRecord><record><header><identifier>oai:docta.ucm.es:20.500.14352/100459</identifier><datestamp>2024-10-11T12:43:23Z</datestamp><setSpec>com_20.500.14352_14</setSpec><setSpec>col_20.500.14352_15</setSpec></header><metadata><record xmlns="http://www.loc.gov/MARC21/slim" xmlns:dcterms="http://purl.org/dc/terms/" xmlns:xsi="http://www.w3.org/2001/XMLSchema-instance" xmlns:doc="http://www.lyncode.com/xoai" xsi:schemaLocation="http://www.loc.gov/MARC21/slim http://www.loc.gov/standards/marcxml/schema/MARC21slim.xsd">
   <leader>00925njm 22002777a 4500</leader>
   <datafield ind2=" " ind1=" " tag="042">
      <subfield code="a">dc</subfield>
   </datafield>
   <datafield ind2=" " ind1=" " tag="720">
      <subfield code="a">Rial Costas, Benito</subfield>
      <subfield code="e">author</subfield>
   </datafield>
   <datafield ind2=" " ind1=" " tag="260">
      <subfield code="c">2018</subfield>
   </datafield>
   <datafield ind2=" " ind1=" " tag="520">
      <subfield code="a">This article studies the distribution of Christopher Plantin’s Tridentine liturgical Books between 1568 and 1572 through a Philip II’s royal ordinance of 1572 and the reports of a systematic visit to the bookshops of Castile that same year. This article analyses some of the formidable complexities, successes and failures of the clash between Crown, market and Church. It highlights Philip II’s lack of control over the Spanish book market and the fraudulent import of liturgical books from Antwerp to Castile and the unofficial distribution of them.</subfield>
   </datafield>
   <datafield ind1="8" ind2=" " tag="024">
      <subfield code="a">Rial Costas, B. (2018). Book Market and Surveillance: The Distribution of Plantin’s Tridentine Liturgical Books in Sixteenth-Century Castile. Quaerendo, 48(4), 339-355. https://doi.org/10.1163/15700690-12341418</subfield>
   </datafield>
   <datafield ind1="8" ind2=" " tag="024">
      <subfield code="a">0014-9527</subfield>
   </datafield>
   <datafield ind1="8" ind2=" " tag="024">
      <subfield code="a">10.1163/15700690-12341418</subfield>
   </datafield>
   <datafield ind1="8" ind2=" " tag="024">
      <subfield code="a">https://hdl.handle.net/20.500.14352/100459</subfield>
   </datafield>
   <datafield ind1="8" ind2=" " tag="024">
      <subfield code="a">1570-0690</subfield>
   </datafield>
   <datafield ind1="8" ind2=" " tag="024">
      <subfield code="a">https://doi.org/10.1163/15700690-12341418</subfield>
   </datafield>
   <datafield ind1="8" ind2=" " tag="024">
      <subfield code="a">https://brill.com/view/journals/qua/48/4/qua.48.issue-4.xml</subfield>
   </datafield>
   <datafield ind2="0" ind1="0" tag="245">
      <subfield code="a">Book Market and Surveillance: The Distribution of Plantin's Tridentine Liturgical Books in Sixteenth-Century Castile</subfield>
   </datafield>
</record></metadata></record></GetRecord></OAI-PMH>